Statistics for My Hero Academia Quirks

Click here to take the quiz!

General Stats

  • This quiz has been taken 37 times
  • The average score is 36 of 100

Answer Stats

HintAnswer% Correct
Tenya IdaEngine
95%
Mina AshidoAcid
90%
Izuku MidoriyaOne For All
90%
Tsuyu AsuiFrog
86%
Masahiro OjiroTail
86%
Momo YaoyorozuCreation
81%
Katsuki BakugoExplosion
81%
Eijiro KirishimaHardening
81%
Ochaco UrarakaZero Gravity
81%
All For OneAll For One
76%
Fumikage TokoyamiDark Shadow
76%
Toru HagakureInvisibility
76%
Kyoka JiroEarphone Jack
71%
Yuga AoyamaNavel Laser
71%
Recovery GirlHeal
67%
Rikido SatoSugar Rush
67%
Hanta SeroTape
67%
Neito MonomaCopy
62%
Shoto TodorokiHalf-Cold Half-Hot
62%
Koji KodaAnivoice
57%
Tomura ShigarakiDecay
57%
Denki KaminariElectrification
57%
Shihai KuroiroBlack
52%
CementossCement
52%
Mezo ShojiDupli-Arms
52%
EndeavorHellflame
52%
Minoru MinetaPop Off
52%
ThirteenBlack Hole
48%
CentipederCentipede
48%
Eraser HeadErasure
48%
Mirio TogataPermeation
48%
Itsuka KendoBig Fist
43%
Hitoshi ShinsoBrainwashing
43%
DabiCremation
43%
HawksFierce Wings
43%
NezuHigh Spec
43%
Gran TorinoJet
43%
EriRewind
43%
Present MicVoice
43%
EctoplasmClones
38%
MirkoRabbit
38%
Mei HatsumeZoom
38%
TwiceDouble
33%
RyukyuDragon
33%
Sir NighteyeForesight
33%
SpinnerGecko
33%
Tamaki AmajikiManifest
33%
RagdollSearch
33%
Tetsutetsu TetsutetsuSteel
33%
Himiko TogaTransform
33%
Vlad KingBlood Control
29%
StainBloodcurdle
29%
EdgeshotFoldabody
29%
Mt. LadyGigantification
29%
SiriusGood Ear
29%
Re-DestroStress
29%
MandalayTelepath
29%
Yosetsu AwaseWeld
29%
Kamui WoodsArbor
24%
Mr. CompressCompress
24%
Best JeanistFiber Master
24%
La BravaLove
24%
OverhaulOverhaul
24%
Ibara ShiozakiVines
24%
KurogiriWarp Gate
24%
Gentle CriminalElasticity
19%
MustardGas
19%
SnipeHoming
19%
Saiko IntelliIQ
19%
Rock LockLock Down
19%
Ms. JokeOutburst
19%
TigerPliabody
19%
Kosei TsuburabaSolid Air
19%
SelkieSpotted Seal
19%
Yo ShindoVibrate
19%
Nejire HadoWave Motion
19%
Inasa YoarashiWhirlwind
19%
Pixie-BobEarth Flow
14%
Nagamasa MoraExtend-o-Hair
14%
Camie UtsushimiGlamour
14%
Pony TsunotoriHorn Cannon
14%
Gang OrcaOrcinus
14%
MoonfishBlade-Tooth
10%
Sen KaibaraGyrate
10%
Seiji ShishikuraMeatball
10%
MimicMimicry
10%
ChronostasisChronostasis
5%
Fat GumFat Adsorption
5%
CuriousLandmine
5%
Daruma UjikoLife Force
5%
MagneMagnetism
5%
MidnightSomnambulist
5%
Kendo RappaStrongarm
5%
Tatami NakagameTelescopic
5%
SkepticAnthromorph
0%
Shin NemotoEight Bullets
0%
GetenIce Manipulation
0%
TrumpetIncite
0%
GiranMuddied
0%
MuscularPump Up
0%

Score Distribution

Percentile by Number Answered

Percent of People with Each Score

Your Score History

You have not taken this quiz